Historia gráfica de la arquitectura /
Guardado en:
| Autor Principal: | |
|---|---|
| Formato: | Libro |
| Publicado: |
Buenos Aires :
Víctor Leru,
1968
|
| Materias: | |
| Etiquetas: |
Agregar Etiqueta
Sin Etiquetas, Sea el primero en etiquetar este registro!
|
| LEADER | 00441nam a22001575a 4500 | ||
|---|---|---|---|
| 001 | CEM.cems007357 | ||
| 005 | 20060214000000.0 | ||
| 008 | 130507s1968##################000#0#####d | ||
| 003 | CEMS | ||
| 082 | 0 | 4 | |a 720.9 |
| 100 | 1 | |a Mansbridge, John | |
| 245 | 1 | 0 | |a Historia gráfica de la arquitectura / |
| 260 | |a Buenos Aires : |b Víctor Leru, |c 1968 | ||
| 300 | |a 192 p. | ||
| 653 | |a Arquitectura | ||
| 859 | |a CEMS |b BIB. CEMS - 11 de abril |h 720.9 |i M318 |p 17217.93 |t Ej.1 | ||
